Perspectivas de la economía mundial mayo 1991
Gardado en:
| Autor Corporativo: | |
|---|---|
| Formato: | Texto |
| Publicado: |
Washington D.C:
FMI
|
| Etiquetas: |
Engadir etiqueta
Sen Etiquetas, Sexa o primeiro en etiquetar este rexistro!
|
MARC
| LEADER | 00000 a a2200000 04500 | ||
|---|---|---|---|
| 001 | 23180 | ||
| 003 | |||
| 040 | |||
| 090 | |a 160200 | ||
| 110 | |a Fondo Monetario Internacional | ||
| 245 | |a Perspectivas de la economía mundial mayo 1991 | ||
| 260 | |a Washington D.C: |b FMI | ||
| 300 | |a 219 p. |b **no definido** | ||
| 999 | |c 14811 |d 14811 | ||
